Nuevo diccionario biografico argentino (1750-1930), tomo v /

Guardado en:
Autor Principal: Cutolo, Vicente O.
Formato: Libro
Publicado: Buenos Aires : Elche, 1978
Materias:
Etiquetas: Agregar Etiqueta
Sin Etiquetas, Sea el primero en etiquetar este registro!
LEADER 00586nam a22002055a 4500
001 EHU.bham024621
003 AR-BHAM
005 20130507153200.0
008 130507s1978##################000#0#####d
082 C 9 |a 920 
100 1 |a Cutolo, Vicente O. 
245 1 0 |a Nuevo diccionario biografico argentino (1750-1930), tomo v /  |c Vicente O. Cutolo 
260 |a Buenos Aires :  |b Elche,  |c 1978 
300 |a 678 p. 
505 0 |a N - Q 
653 |a Diccionarios 
653 |a Diccionarios-biografias 
653 |a Historia argentina 
653 |a Biografias 
859 |a AR-BHAM  |h 920  |i C979  |k C  |p 414.02  |t Ej.1  |v V CER